01108 2200361 4500001002100000005001500021035002000036007000300056040001700059100002700076245013700103250001300240300003800253504002500291020002200316041000800338082001200346084001800358090002000376264003400396336002100430337003000451338002300481650002100504850001000525008004100535500002000576700003600596700004800632990002200680990002200702990002200724INLIS00000000000511420260515051223 a0010-0222000204ta aSBPUPADbind0 aAchmad H.P.ePengarang1 aBahasa Indonesia Untuk Perguruan Tinggi :bSubtansi Kajian Dan Penerapannya /cAchmad H.P. , Alek ; Editor,Oktaviani Mutiara Dwiasri a.-Cet. 1 ax, 216 Hal. :billus. ;c17x25 cm abibliografi, hlm 209 a978-602-298-668-3 aind a499.221 a499.221 ACH b a306.4 ATM a 8-5 a.--Jakarta :bErlangga,c2016 2rdacontentaTeks 2rdamediaaTanpa Perantara 2rdacarrieraVolume 4aBahasa Indonesia aPUPAD260515 0  aIndeks, hal 2170 aPengarang ke-2, AlekePengarang0 aEditor,Oktaviani Mutiara DwiasriePengarang a25.587/B/DPK/2017 a25.588/B/DPK/2017 a25.586/B/DPK/2017